01929 2200433 4500001002100000005001500021035002000036007000300056008004100059020002200100082001100122084001700133100002000150245012100170250001100291260003400302300002400336520063500360990002500995990002501020990002501045990002501070990002501095990002501120990002501145990002501170990002501195990002501220990002501245990002501270990002501295990002501320990002501345990002501370990002501395990002501420990002501445990002501470INLIS00000000001014520221109044437 a0010-1021000023ta221109 g 0 ind  a978-602-1642-13-9 a353.23 a353.23 MAR k0 aMargarito Kamis1 aKekuasaan Presiden Indonesia :bSejarah Kekuasaan Presiden Sejak Merdeka Hingga Reformasi Politik /cMargarito Kamis aCet. 1 aMalang :bSetara Press,c2014 ax,128 hlm. ;c23 cm aBuku ini merupakan disertasi yang diolah menjadi seri buku Kekuasaan Presiden, yang menjadi ide utama kajian ini adalah pembatasan kekuasaan. Gagasan negara hukum demokratis selalu muncul dalam perkembangan ketatanegaraan dan konstitusionalisme Indonesia. Dimulai dari penjelasan UUD 1945 (sebelum amandemen) kemudian gagasan ini dituangkan dalam batang tubuh UUD RIS dan UUD RIS kedua. Pada titik ini isi konstitusi tidak dilihat sebagai dokumen hukum yang bebas dari kepentingan politik. Namun menariknya, pergantian UUD dari UUD RIS ke UUD Sementara tidak mengakibatkan gagasan negara hukum yang demokratis tetap dipertahankan. a25607/MKRI-P/II-2017 a25605/MKRI-P/II-2017 a25606/MKRI-P/II-2017 a25608/MKRI-P/II-2017 a25607/MKRI-P/II-2017 a25605/MKRI-P/II-2017 a25606/MKRI-P/II-2017 a25608/MKRI-P/II-2017 a25605/MKRI-P/II-2017 a25607/MKRI-P/II-2017 a25606/MKRI-P/II-2017 a25608/MKRI-P/II-2017 a25606/MKRI-P/II-2017 a25607/MKRI-P/II-2017 a25605/MKRI-P/II-2017 a25608/MKRI-P/II-2017 a25608/MKRI-P/II-2017 a25607/MKRI-P/II-2017 a25605/MKRI-P/II-2017 a25606/MKRI-P/II-2017